Sports Quiz

Random Sports or NFL Quiz

The Ultimate Super Bowl Quiz Stats

 Plays Quiz not verified by Sporcle

Challenge
Share
Tweet
Embed
Score 0/48 Timer 15:00
0 Plays Today
% Correct
14-2
50%
14-0
45%
15-1
45%
11-5
45%
12-4
40%
15-1
40%
12-4
40%
14-2
40%
13-3
35%
13-3
35%
10-6
35%
12-4
30%
10-6
30%
13-3
30%
14-2
30%
11-5
30%
12-4
30%
9-7
30%
12-2
25%
13-3
25%
8-1
25%
13-3
25%
12-4
25%
13-3
25%
% Correct
12-4
25%
11-3
20%
12-2
20%
14-2
20%
14-2
20%
14-2
20%
13-3
20%
12-4
20%
12-4
20%
10-6
20%
13-3
20%
12-2
15%
9-4-1
15%
11-2-1
15%
14-2
15%
11-5
15%
11-3
10%
11-3
10%
10-3-1
10%
13-1
10%
11-4
10%
12-4
10%
10-6
10%
12-2
5%

You're not logged in!

Compare scores with friends on all Sporcle quizzes.
Join for Free
OR
Log In

You Might Also Like...

Show Comments

Extras

Created Dec 22, 2014SourceReportNominate
Tags:NFL Quiz, Super Bowl

Top Quizzes Today


Score Distribution

Your Account Isn't Verified!

In order to create a playlist on Sporcle, you need to verify the email address you used during registration. Go to your Sporcle Settings to finish the process.

Report this User

Report this user for behavior that violates our Community Guidelines.

Details: